000 00523nam a2200169 i 4500
001 78427
003 ES-MaACL
005 20230906173710.0
007 t|
008 041014s1906 fr ||||1| fre d
100 1 _aHauptmann, Gerhart.
_962099
245 1 4 _aLes tisserands
_b: drame en cinq actes /
_cGerhart Hauptmann ; traduction francaise par in Jean Thorel.
260 _aParis :
_b[s.n.,
_c1906] (
_fL. Maretreux)
300 _aVIII, 142 p. ;
_c22 cm.
700 1 _aThorel, Jean.
_9110136
852 _aES-MaACL
_jF-9947
999 _c78427
_d78427